Ante campaña empresarial-solidarista: sindicatos bananeros unifican esfuerzos /

Gardado en:
Detalles Bibliográficos
Autor Principal: Ramírez F., Eduardo
Formato: Texto
Etiquetas: Engadir etiqueta
Sen Etiquetas, Sexa o primeiro en etiquetar este rexistro!

MARC

LEADER 00000 a a2200000 04500
001 1376
003
040
100 |a Ramírez F., Eduardo  
245 |a Ante campaña empresarial-solidarista: sindicatos bananeros unifican esfuerzos /  |c Eduardo Ramírez F. 
773 |g número 60; páginas 10-11  
999 |c 30570  |d 30570